Patologías: exiliados de la esperanza /
Spremljeno u:
| Glavni autor: | |
|---|---|
| Format: | Tekst |
| Teme: | |
| Oznake: |
Dodaj oznaku
Bez oznaka, Budi prvi tko označuje ovaj zapis!
|
MARC
| LEADER | 00000 a a2200000 04500 | ||
|---|---|---|---|
| 001 | 4854 | ||
| 003 | |||
| 040 | |||
| 100 | |a Gerbaldo, Judith | ||
| 245 | |a Patologías: |b exiliados de la esperanza / |c Judith Gerbaldo | ||
| 650 | |a SALUD MENTAL | ||
| 650 | |a DESEMPLEADOS | ||
| 650 | |a PSICOLOGIA | ||
| 773 | |g volumen 2, número 10; páginas 14-19 | ||
| 999 | |c 34578 |d 34578 | ||
